000 00689nam a2200241Ia 4500
003 OSt
005 20220918193433.0
006 a|||||r|||| 00| 0
007 ta
008 220917b |||||||| |||| 00| 0 eng d
024 _a73,090
037 _cTextual
040 _aARTS
_cARTS
_beng
041 _2eng
_aeng
082 _aR5, J9 (=)
100 _aDilley Arthur Urbane
_981721
245 0 _aOriental rugs and caprets
_b a comprehensive study rev by Maurice S Dimand
260 _aPhiladelphia
_bJ B Lippincott
_c1959
300 _axxi,289p. plates
_ccm.
650 _aAESTHETICS
942 _hR5, J9 (=)
_cTEXL
_2CC
999 _c199009
_d199009